[Event "AUTO-OPEN-1997"]
[Site "http://www.queenalice.com/game.php?id=867562"]
[Date "2010.12.4"]
[Round "2"]
[White "Richardlim"]
[Black "cereus"]
[Result "1-0"]
[WhiteElo "2289"]
[BlackElo "2424"]

1. c4 Nf6 2. Nc3 e5 3. g3 Bb4 4. Bg2 O-O 5. Nf3 Re8 6. O-O e4 7. Nd4 Nc6 8. Nc2
Bxc3 9. dxc3 h6 10. Ne3 d6 11. b3 a5 12. a4 Ne5 13. Nd5 Bf5 14. Nxf6+ Qxf6 15.
Bb2 1-0

[Event "AUTO-OPEN-1997"]
[Site "http://www.queenalice.com/game.php?id=867563"]
[Date "2010.12.4"]
[Round "2"]
[White "cereus"]
[Black "Richardlim"]
[Result "0-1"]
[WhiteElo "2413"]
[BlackElo "2305"]

1. d4 Nf6 2. c4 g6 3. Nc3 Bg7 4. e4 d6 5. Be2 O-O 6. Nf3 e5 7. O-O Nc6 8. d5 Ne7
9. b4 Nh5 10. Re1 Nf4 11. Bf1 a5 12. bxa5 Rxa5 13. a4 c5 14. Ra3 Bg4 15. h3 Bd7
0-1

[Event "AUTO-OPEN-1997"]
[Site "http://www.queenalice.com/game.php?id=867566"]
[Date "2010.12.4"]
[Round "2"]
[White "Jac"]
[Black "cereus"]
[Result "0-1"]
[WhiteElo "1847"]
[BlackElo "2459"]

1. e4 e5 2. Nf3 Nc6 3. Nc3 Nf6 4. Bc4 Nxe4 5. d3 Nxc3 6. bxc3 d5 7. Bb5 Bd6 8.
O-O O-O 9. d4 e4 10. Ne1 Ne7 11. f3 c6 12. Be2 Qa5 13. Bb2 Qc7 14. c4 Bxh2+ 15.
Kh1 Qg3 16. fxe4 dxe4 17. d5 Qh4 18. Rb1 Bg3+ 0-1

[Event "AUTO-OPEN-1997"]
[Site "http://www.queenalice.com/game.php?id=867567"]
[Date "2010.12.4"]
[Round "2"]
[White "cereus"]
[Black "Jac"]
[Result "1-0"]
[WhiteElo "2459"]
[BlackElo "1849"]

1. d4 d5 2. c4 e6 3. Nc3 Bb4 4. Nf3 Bxc3+ 5. bxc3 Nf6 6. cxd5 exd5 7. Ba3 Nc6 8.
e3 Bg4 9. Qb3 Na5 10. Qb4 b6 11. Ne5 Be6 12. Bb5+ Nd7 13. Nc6 Nxc6 14. Bxc6 Rb8
15. c4 dxc4 16. d5 Bf5 17. e4 Bxe4 18. Qxc4 1-0

[Event "AUTO-ELITE-2505"]
[Site "http://www.queenalice.com/game.php?id=1824648"]
[Date "2023.11.5"]
[Round "1"]
[White "danielglowinski"]
[Black "cereus"]
[Result "1-0"]
[WhiteElo "2527"]
[BlackElo "2363"]

1. d4 Nf6 2. c4 e6 3. Nf3 Bb4+ 4. Nc3 O-O 5. e3 c5 6. Be2 d5 7. O-O Nbd7 8. Qb3
dxc4 9. Qxc4 a6 10. dxc5 Bxc5 11. Qf4 b5 12. b4 1-0

[Event "AUTO-OPEN-4485"]
[Site "http://www.queenalice.com/game.php?id=1824711"]
[Date "2023.11.6"]
[Round "1"]
[White "silverhawks"]
[Black "cereus"]
[Result "0-1"]
[WhiteElo "2178"]
[BlackElo "2350"]

1. e4 c5 2. Nf3 d6 3. Bc4 Nf6 4. Nc3 e6 5. O-O a6 6. d4 cxd4 7. Nxd4 b5 8. Bd3
Be7 9. b3 Bb7 10. Bb2 O-O 11. Re1 Nbd7 12. a3 Rc8 13. Bf1 Qc7 14. Re3 Rfd8 15.
Bd3 Ne5 16. Be2 Qb6 17. Qd2 Ng6 18. Re1 d5 19. exd5 Nxd5 20. Nxd5 Bxd5 21. b4
Bf6 22. Rd1 Nf4 23. Bf3 Bxf3 24. gxf3 e5 25. Re4 g5 26. c3 exd4 27. cxd4 Rd5 28.
h4 Qd6 29. Rde1 Qd7 30. Bc3 Qh3 31. Rxf4 gxf4 0-1

[Event "AUTO-OPEN-4485"]
[Site "http://www.queenalice.com/game.php?id=1824712"]
[Date "2023.11.6"]
[Round "1"]
[White "cereus"]
[Black "silverhawks"]
[Result "1-0"]
[WhiteElo "2357"]
[BlackElo "2171"]

1. d4 d5 2. Nf3 e6 3. Bf4 Nf6 4. e3 Bd6 5. Nbd2 O-O 6. Bg3 b6 7. Be2 Bb7 8. O-O
Bxg3 9. hxg3 Nc6 10. c4 Re8 11. Rc1 dxc4 12. Nxc4 Ne4 13. Bd3 Nb4 14. Bb1 c5 15.
dxc5 Nxc5 16. a3 Nbd3 17. Rc3 Be4 18. b4 Qf6 19. Nd4 e5 20. Nb5 Red8 21. Qe2 Bc6
22. bxc5 Nxc5 23. Nb2 a6 24. Rxc5 bxc5 25. Nc3 Qh6 26. Qg4 Rd2 27. Nc4 Bd7 28.
Qh4 Qxh4 29. gxh4 1-0

[Event "AUTO-OPEN-4485"]
[Site "http://www.queenalice.com/game.php?id=1824735"]
[Date "2023.11.6"]
[Round "1"]
[White "carlitomontana93270"]
[Black "cereus"]
[Result "0-1"]
[WhiteElo "1684"]
[BlackElo "2338"]

1. c4 Nf6 2. d3 d5 3. cxd5 Nxd5 4. Nc3 e5 5. e4 Nb6 6. g3 Be7 7. Bg2 Nc6 8. Nf3
O-O 9. O-O Be6 10. b3 a5 11. Be3 f6 12. Bxb6 cxb6 13. Qe2 Bc5 14. Rac1 Rc8 15.
Na4 Nd4 16. Qd1 Nxf3+ 17. Qxf3 Bd4 18. Rb1 Rc2 19. Rfc1 Rxf2 20. Qh5 Rf5+ 0-1

[Event "AUTO-OPEN-4485"]
[Site "http://www.queenalice.com/game.php?id=1824736"]
[Date "2023.11.6"]
[Round "1"]
[White "cereus"]
[Black "carlitomontana93270"]
[Result "1-0"]
[WhiteElo "2339"]
[BlackElo "1708"]

1. d4 e6 2. Nf3 d5 3. Bf4 g6 4. e3 Bg7 5. c4 c6 6. Nc3 Nf6 7. Be2 O-O 8. O-O
Nbd7 9. Qc2 dxc4 10. Bxc4 Nb6 11. Bb3 Nbd7 12. e4 Nh5 13. Bd6 Re8 14. e5 b6 15.
Qe4 Bb7 16. g4 f5 17. gxf5 gxf5 18. Qxf5 c5 19. Qxh5 Bxf3 20. Qxf3 Qg5+ 21. Kh1
Nf8 22. Rg1 Qf5 23. Qxf5 1-0

[Event "AUTO-OPEN-4485"]
[Site "http://www.queenalice.com/game.php?id=1824751"]
[Date "2023.11.6"]
[Round "1"]
[White "cereus"]
[Black "CCapivara"]
[Result "1/2-1/2"]
[WhiteElo "2340"]
[BlackElo "2315"]

1. d4 d6 2. Nf3 Nf6 3. Bg5 Bg4 4. Nbd2 Nbd7 5. h3 Bh5 6. e3 e5 7. g4 Bg6 8. Nh4
Be7 9. Nxg6 hxg6 10. Bg2 c6 11. Qe2 Qb6 12. Nb3 a5 13. a4 O-O 14. dxe5 Nxe5 15.
O-O-O d5 16. e4 dxe4 17. Bxe4 Rfe8 18. Bxf6 Bxf6 19. f4 Qb4 20. fxe5 Rxe5 21.
Rd4 Qe7 22. Qd3 Re8 23. Rd7 Qe6 24. Rd6 Qe7 25. Rd7 Qe6 26. Rd6 Qe7 27. Rd7
1/2-1/2

[Event "AUTO-OPEN-4485"]
[Site "http://www.queenalice.com/game.php?id=1824752"]
[Date "2023.11.6"]
[Round "1"]
[White "CCapivara"]
[Black "cereus"]
[Result "0-1"]
[WhiteElo "2316"]
[BlackElo "2339"]

1. e4 c5 2. Nf3 d6 3. d4 cxd4 4. Nxd4 Nf6 5. Nc3 a6 6. Bg5 e6 7. f4 Qb6 8. Nb3
Be7 9. Qf3 Nbd7 10. O-O-O Qc7 11. g4 b5 12. Bxf6 Nxf6 13. g5 Nd7 14. f5 b4 15.
fxe6 fxe6 16. Ne2 Bxg5+ 17. Kb1 Bf6 18. Ned4 Ne5 19. Qh3 Rb8 20. Be2 O-O 21.
Rhg1 Kh8 22. Rdf1 a5 23. Bg4 Nxg4 24. Qxg4 a4 25. Nxe6 axb3 26. Nxc7 bxc2+ 27.
Kxc2 Bxg4 28. Rxg4 Rfc8 29. e5 Rxc7+ 30. Kb1 Bxe5 31. Rxb4 Rcc8 32. Rxb8 Rxb8
33. Rf2 h5 34. b3 Kh7 35. a4 Rxb3+ 0-1